<?xml version="1.0" encoding="UTF-8"?><?xml-stylesheet type="text/xsl" href="static/style.xsl"?><OAI-PMH xmlns="http://www.openarchives.org/OAI/2.0/" xmlns:xsi="http://www.w3.org/2001/XMLSchema-instance" xsi:schemaLocation="http://www.openarchives.org/OAI/2.0/ http://www.openarchives.org/OAI/2.0/OAI-PMH.xsd"><responseDate>2026-06-07T05:49:21Z</responseDate><request verb="GetRecord" identifier="oai:riuma.uma.es:10630/8649" metadataPrefix="marc">https://riuma.uma.es/rest/oai/request</request><GetRecord><record><header><identifier>oai:riuma.uma.es:10630/8649</identifier><datestamp>2026-02-03T12:21:26Z</datestamp><setSpec>com_10630_2254</setSpec><setSpec>col_10630_37959</setSpec></header><metadata><record xmlns="http://www.loc.gov/MARC21/slim" xmlns:dcterms="http://purl.org/dc/terms/" xmlns:doc="http://www.lyncode.com/xoai" xmlns:xsi="http://www.w3.org/2001/XMLSchema-instance" xsi:schemaLocation="http://www.loc.gov/MARC21/slim http://www.loc.gov/standards/marcxml/schema/MARC21slim.xsd">
   <leader>00925njm 22002777a 4500</leader>
   <datafield ind2=" " ind1=" " tag="042">
      <subfield code="a">dc</subfield>
   </datafield>
   <datafield ind2=" " ind1=" " tag="720">
      <subfield code="a">Ng-Molina, Francisco Yak</subfield>
      <subfield code="e">author</subfield>
   </datafield>
   <datafield ind2=" " ind1=" " tag="260">
      <subfield code="c">2015-01-12</subfield>
   </datafield>
   <datafield ind2=" " ind1=" " tag="520">
      <subfield code="a">The fast growth in modern wireless communication systems has set in motion a never-ending quest for greater capacity and higher data rates in radio access networks. These demands must be met within the existing radio base stations where cooling capacity and size are limited. At the same time, operators want to cut their expenses, of which energy consumption is a significant factor.&#xd;
Linear radio frequency (RF) power amplifiers (PA) play a major role in terms of energy consumption and heat dissipation. More efficient base station power amplifiers are thus a crucial factor in the context of mobile system evolution.&#xd;
In this conference, basic concepts for high efficiency power amplifier design will be reviewed, followed by the best known transmitter architectures and their application. Finally, a brief introduction in different linearization techniques will be given.</subfield>
   </datafield>
   <datafield ind1="8" ind2=" " tag="024">
      <subfield code="a">http://hdl.handle.net/10630/8649</subfield>
   </datafield>
   <datafield tag="653" ind2=" " ind1=" ">
      <subfield code="a">Amplificadores de microondas</subfield>
   </datafield>
   <datafield ind2="0" ind1="0" tag="245">
      <subfield code="a">Amplificadores de potencia de alta eficiencia</subfield>
   </datafield>
</record>
</metadata></record></GetRecord></OAI-PMH>